|
|
|
|
| LEADER |
01045nam a2200265 a 4500 |
| 001 |
13912856 |
| 008 |
101021r20092006maua b 001 0 eng d |
| 010 |
|
|
|a 2005008721
|
| 020 |
|
|
|a 9788131714720
|
| 020 |
|
|
|a 0321321367 (alk. paper)
|
| 040 |
|
|
|a DLC
|c DLC
|d DLC
|d DLC
|d BD-DhAAL
|
| 082 |
0 |
0 |
|a 006.3/12
|2 22
|
| 100 |
1 |
|
|a Tan, Pang-Ning.
|
| 245 |
1 |
0 |
|a Introduction to data mining /
|c Pang-Ning Tan, Michael Steinbach, Vipin Kumar.
|
| 250 |
|
|
|a 1st ed.
|
| 260 |
|
|
|a Boston ;
|a New Delhi :
|b Pearson/Addison Wesley,
|c c2006
|g (1986 printing).
|
| 300 |
|
|
|a xxi, 769 p. :
|b ill. ;
|c 24 cm.
|
| 504 |
|
|
|a Includes bibliographical references and indexes.
|
| 541 |
1 |
|
|e 00021422
|
| 650 |
|
0 |
|a Data mining.
|
| 700 |
1 |
|
|a Steinbach, Michael.
|
| 700 |
1 |
|
|a Kumar, Vipin,
|d 1956-
|
| 852 |
4 |
|
|a Ayesha Abed Library
|j General Shelf.
|
| 999 |
|
|
|c 9853
|d 9853
|
| 952 |
|
|
|0 0
|1 0
|2 ddc
|4 0
|6 006_312000000000000_TAN_2009
|7 0
|9 12630
|a BRACUL
|b BRACUL
|c GEN
|d 2010-10-21
|e Essence Science Publications
|g 898.00
|l 7
|m 59
|o 006.312 TAN
|p 3010021422
|r 2025-12-22
|s 2025-10-26
|t 1
|w 2010-10-21
|y BK
|